|
|
|
|
| LEADER |
00000nam0a2200000 4500 |
| 001 |
114967 |
| 005 |
20231031122427.0 |
| 020 |
|
|
|a RU
|b 81-41704
|
| 035 |
|
|
|a (RuTPU)RU\TPU\book\124329
|
| 090 |
|
|
|a 114967
|
| 100 |
|
|
|a 20070430d1986 m a0rusy5003 ca
|
| 101 |
0 |
|
|a rus
|
| 102 |
|
|
|a RU
|
| 105 |
|
|
|a a j 000zy
|
| 200 |
1 |
|
|a Основы сварочного производства
|e учебное пособие для училищ
|f О. И. Стеклов
|
| 210 |
|
|
|a Москва
|c Высшая школа
|d 1986
|
| 215 |
|
|
|a 224 с.
|c ил.
|d 21 см.
|
| 225 |
1 |
|
|a Профтехобразование
|
| 610 |
1 |
|
|a сварка
|
| 610 |
1 |
|
|a учебники
|
| 610 |
1 |
|
|a оборудование
|
| 610 |
1 |
|
|a газовая сварка
|
| 610 |
1 |
|
|a флюсы
|
| 610 |
1 |
|
|a контактная сварка
|
| 610 |
1 |
|
|a сварочное производство
|
| 610 |
1 |
|
|a механизация
|
| 610 |
1 |
|
|a автоматизация
|
| 610 |
1 |
|
|a нормирование
|
| 675 |
|
|
|a 621.791(075.3)
|z rus
|
| 700 |
|
1 |
|a Стеклов
|b О. И.
|g Олег Иванович
|4 070
|
| 801 |
|
0 |
|a RU
|b RuMRKP
|c 19950704
|g psbo
|
| 801 |
|
1 |
|a RU
|b 63413507
|c 20070430
|g PSBO
|
| 801 |
|
2 |
|a RU
|b 63413507
|c 20150115
|g PSBO
|
| 900 |
|
|
|a Производство сварных конструкций
|
| 942 |
|
|
|c BK
|